| 000 | 01135cam a22003135a 4500 | ||
|---|---|---|---|
| 001 | 19739240 | ||
| 003 | EG-ScBUE | ||
| 005 | 20220519140428.0 | ||
| 008 | 170620s2018 enka f b 001 0 eng d | ||
| 020 | _a9781138037496 (pbk) | ||
| 040 |
_aDLC _beng _erda _cDLC _dDLC _dEG-ScBUE |
||
| 082 | 0 | 4 |
_a428.24 _bFEN _222 |
| 100 | 1 |
_aFenn, Peter, _eauthor. _941862 |
|
| 245 | 1 | 0 |
_aIntroducing English syntax : _ba basic guide for students of English / _cPeter Fenn and Götz Schwab. |
| 264 | 1 |
_aLondon ; _aNew York : _bRoutledge, _c2018. |
|
| 300 |
_aix, 264 pages : _billustrations ; _c24 cm |
||
| 336 |
_2rdacontent _atext _btxt |
||
| 337 |
_2rdamedia _aunmediated _bn |
||
| 338 |
_2rdacarrier _avolume _bnc |
||
| 504 | _aIncludes bibliographical references and index. | ||
| 650 | 7 |
_aEnglish language _xSyntax _xStudy and teaching. _2BUEsh |
|
| 650 | 7 |
_aEnglish language _xSyntax _vProblems, exercises, etc. _2BUEsh |
|
| 650 | 7 |
_aEnglish language _vTextbooks for foreign speakers. _2BUEsh |
|
| 651 | _2BUEsh | ||
| 653 |
_bHHUUEENN _cNovember2018 |
||
| 655 |
_vReading book _934232 |
||
| 700 | 1 |
_aSchwab, Götz, _eauthor. _941863 |
|
| 942 |
_2ddc _cBB |
||
| 999 |
_c26924 _d26896 |
||